Momin ki gumshuda meeras (Record no. 592028)

000 -LEADER
fixed length control field 00423nam a22001697a 4500
003 - CONTROL NUMBER IDENTIFIER
control field NUST
005 - DATE AND TIME OF LATEST TRANSACTION
control field 20221025135911.0
008 - FIXED-LENGTH DATA ELEMENTS--GENERAL INFORMATION
fixed length control field 221025b ||||| |||| 00| 0 eng d
038 ## - RECORD CONTENT LICENSOR
Staff Name Azhar
082 ## - DEWEY DECIMAL CLASSIFICATION NUMBER
Classification number 297.12
Author Mark RUK
100 ## - MAIN ENTRY--PERSONAL NAME
Personal name Rukhsana Aijaz
9 (RLIN) 101357
245 ## - TITLE STATEMENT
Title Momin ki gumshuda meeras
Statement of responsibility, etc. Rukhsana Aijaz
260 ## - PUBLICATION, DISTRIBUTION, ETC.
Place of publication, distribution, etc. Islamabad
Name of publisher, distributor, etc. Almaqsoorat publications
Date of publication, distribution, etc. 2009
300 ## - PHYSICAL DESCRIPTION
Extent 84p
563 ## - BINDING INFORMATION
Binding note PB
942 ## - ADDED ENTRY ELEMENTS (KOHA)
Source of classification or shelving scheme
Koha item type Book
Holdings
Withdrawn status Lost status Source of classification or shelving scheme Materials specified (bound volume or other part) Damaged status Not for loan Permanent Location Current Location Date acquired Source of acquisition Total Checkouts Full call number Barcode Date last seen Price effective from Koha item type
      Donated by Major Zahid NUST     Central Library (CL) Central Library (CL) 10/25/2022 Donation   297.12 RUK CL-D-2103 10/25/2022 10/25/2022 Book
© 2023 Central Library, National University of Sciences and Technology. All Rights Reserved.